000
00306nam a2200109Ia 4500
008
200302s9999 xx 000 0 und d
100
_a
Jodie Davis ( Edi)
245
_a
Through The Lens : International Architectural Photographers
260
_b
Images Publishing, Austraila
260
_c
2002
300
_a
224 P
999
_c
4941
_d
4941